Sống và viết ở đảo quốc Sư tử

Tác giả ghi lại những cảm nhận về cuộc sống của người dân ở Singapore; một phần bộ mặt kinh tế, chính trị, văn hoá, xã hội của quốc đảo này và tâm trạng, cảm nghĩ của một người Việt đang làm ăn nơi xứ người luôn hướng về quê nhà...

Full description

Saved in:
Bibliographic Details
Main Author: Lê, Hữu Huy
Format: Book
Language:Undetermined
Published: Thành phố Hồ Chí Minh Tổng hợp thành phố Hồ Chí Minh 2013
Subjects:
Tags: Add Tag
No Tags, Be the first to tag this record!
Institutions: Trung tâm Học liệu Trường Đại học Cần Thơ
LEADER 01045nam a2200205Ia 4500
001 CTU_186095
008 210402s9999 xx 000 0 und d
020 |c 60000 
082 |a 895.922803 
082 |b H523 
100 |a Lê, Hữu Huy 
245 0 |a Sống và viết ở đảo quốc Sư tử 
245 0 |c Lê Hữu Huy 
260 |a Thành phố Hồ Chí Minh 
260 |b Tổng hợp thành phố Hồ Chí Minh 
260 |c 2013 
520 |a Tác giả ghi lại những cảm nhận về cuộc sống của người dân ở Singapore; một phần bộ mặt kinh tế, chính trị, văn hoá, xã hội của quốc đảo này và tâm trạng, cảm nghĩ của một người Việt đang làm ăn nơi xứ người luôn hướng về quê nhà 
650 |a Vietnamese literature,Short story,Truyện ngắn Việt Nam 
910 |a Ngô Hồng Xuân 
980 |a Trung tâm Học liệu Trường Đại học Cần Thơ